00723nam a2200253 u 450000100070000000500170000700800410002403500110006504000130007604100080008908200080009710000460010524500640015126000430021530000130025865000300027165000270030165000530032865000130038165000250039465000300041950200120044952600080046112707320260506072905.0970520s1997 ||||||m| spa  a127073 ccomduadb aspa 4a62110aMolina Gonzalez, Martha Cecilia4auteaut10aMateriales de empaque en Industrias Alimenticias Noel S. A. aMedellín :b[sin publicador],c1997. a92 hojas aIngeniería de métodos aMedellín (Antioquia) aIndustrias Alimenticias Noel (Empresa comercial) aEmpaques aCalidad del producto aProcedimientos de trabajo b174c17 a176